Podvody jsou pojišťovny připravovány o miliardy dolarů
Európske poisťovne prichádzajú každoročne o miliardu dolárov následkom zločinných podvodov. Európsky poisťovací výbor (CEA) vydal popis opatrení proti podvodom prijatých v rôznych krajinách Európy (SRN, Španielsko, Francúzsko, Belgicko, Švajčiarsko, Taliansko, Nizozemsko, V. Británia, Rakúsko, Portu...
Guardado en:
| Autor principal: | |
|---|---|
| Formato: | Capítulo de libro |
| Lenguaje: | checo |
| Materias: | |
| Etiquetas: |
Sin Etiquetas, Sea el primero en etiquetar este registro!
|
MARC
| LEADER | 00000naa a2200000 4500 | ||
|---|---|---|---|
| 001 | r030873 | ||
| 005 | 20230922093213.6 | ||
| 041 | 0 | |a cze | |
| 044 | |a CZ | ||
| 245 | 1 | 0 | |a Podvody jsou pojišťovny připravovány o miliardy dolarů |c Hermen Kranendonk |
| 520 | |a Európske poisťovne prichádzajú každoročne o miliardu dolárov následkom zločinných podvodov. Európsky poisťovací výbor (CEA) vydal popis opatrení proti podvodom prijatých v rôznych krajinách Európy (SRN, Španielsko, Francúzsko, Belgicko, Švajčiarsko, Taliansko, Nizozemsko, V. Británia, Rakúsko, Portugalsko, Maďarsko, Slovensko, Fínsko, Dánsko, Nórsko, Švédsko). | ||
| 610 | 2 | 0 | |a podvody poisťovacie |
| 610 | 2 | 0 | |a Európa |
| 610 | 2 | 0 | |a poisťovne |
| 100 | 1 | |a Kranendonk, Hermen | |